000
00273nam a2200109Ia 4500
008
240624s9999 xx 000 0 und d
041
_a
eng
082
_a
658.5 CHA
100
_a
CHASE RICHARD B
245
_a
OPERATIONS MANAGEMENT FOR COMPETITIVE AD
260
_b
Tata McGrawhill
999
_c
8900
_d
8900